<?xml version="1.0" encoding="UTF-8"?>
<collection xmlns="http://www.loc.gov/MARC21/slim">
 <record>
  <leader>01612nam a22002297a 4500</leader>
  <controlfield tag="001">NCT_111955</controlfield>
  <controlfield tag="008">220416b        xxu||||| |||| 00| 0 vie d</controlfield>
  <datafield tag="999" ind1=" " ind2=" ">
   <subfield code="c">5690</subfield>
   <subfield code="d">5690</subfield>
  </datafield>
  <datafield tag="020" ind1=" " ind2=" ">
   <subfield code="a">9786046635277</subfield>
   <subfield code="c">1200000</subfield>
  </datafield>
  <datafield tag="082" ind1="0" ind2="4">
   <subfield code="2">23rd ed.</subfield>
   <subfield code="a">616.5</subfield>
   <subfield code="b">H108</subfield>
  </datafield>
  <datafield tag="100" ind1="1" ind2=" ">
   <subfield code="a">Nguyễn Trọng Hào</subfield>
   <subfield code="e">Chủ biên</subfield>
  </datafield>
  <datafield tag="245" ind1=" " ind2=" ">
   <subfield code="a">Thẩm mỹ nội khoa</subfield>
   <subfield code="c">Nguyễn Trọng Hào (Chủ biên) ; Văn Thế Trung, Châu Văn Trở,...[et al.] (Biên soạn)</subfield>
  </datafield>
  <datafield tag="260" ind1=" " ind2=" ">
   <subfield code="a">Tp. Hồ Chí Minh</subfield>
   <subfield code="b">Y học</subfield>
   <subfield code="c">2019</subfield>
  </datafield>
  <datafield tag="300" ind1=" " ind2=" ">
   <subfield code="a">x, 565 tr.</subfield>
   <subfield code="b">Minh họa</subfield>
   <subfield code="c">27cm</subfield>
  </datafield>
  <datafield tag="500" ind1=" " ind2=" ">
   <subfield code="a">ĐTTS ghi: Bệnh viện da liễu thành phố Hồ Chí Minh</subfield>
  </datafield>
  <datafield tag="520" ind1="3" ind2=" ">
   <subfield code="a">Trình bày đại cương về sắc đẹp, cấu trúc da, định khu giải phẫu học phẫu thuật vùng mặt và cổ, sự lành vết thương, da khô, phân loại da, da nhờn, da nhạy cảm, dinh dưỡng và da. Giới thiệu các phương pháp chăm sóc da; một số tình trạng da liên quan đến thẩm mỹ; laser, ánh sáng và các thiết bị phát năng lượng sử dụng trong điều trị bệnh lý về da; một số thủ thuật thẩm mỹ và phẫu thuật da.</subfield>
  </datafield>
  <datafield tag="653" ind1=" " ind2=" ">
   <subfield code="a">Y đa khoa</subfield>
  </datafield>
  <datafield tag="700" ind1="1" ind2=" ">
   <subfield code="a">Văn Thế Trung</subfield>
   <subfield code="e">Biên soạn</subfield>
  </datafield>
  <datafield tag="700" ind1="1" ind2=" ">
   <subfield code="a">Châu Văn Trở</subfield>
   <subfield code="e">Biên soạn</subfield>
  </datafield>
  <datafield tag="942" ind1=" " ind2=" ">
   <subfield code="2">ddc</subfield>
   <subfield code="c">BK</subfield>
  </datafield>
  <datafield tag="952" ind1=" " ind2=" ">
   <subfield code="0">0</subfield>
   <subfield code="1">0</subfield>
   <subfield code="2">ddc</subfield>
   <subfield code="4">0</subfield>
   <subfield code="6">616_500000000000000_H108</subfield>
   <subfield code="7">0</subfield>
   <subfield code="9">23195</subfield>
   <subfield code="a">000001</subfield>
   <subfield code="b">000001</subfield>
   <subfield code="d">2022-04-16</subfield>
   <subfield code="o">616.5 H108</subfield>
   <subfield code="p">MD.19355</subfield>
   <subfield code="r">2022-04-16</subfield>
   <subfield code="v">999999.99</subfield>
   <subfield code="w">2022-04-16</subfield>
   <subfield code="y">BK</subfield>
  </datafield>
  <datafield tag="980" ind1=" " ind2=" ">
   <subfield code="a">Thư viện Trường Đại học Nam Cần Thơ</subfield>
  </datafield>
 </record>
</collection>
